Nous avons mange la foret de la Pierre-Genie Goo : Hii saa Brii Mau-Yaang Goo : chronique de Sar Luk, village mnong Gar, tribu proto-indochinoise, des Hauts-Plateaux du Viet-Nam central
Αποθηκεύτηκε σε:
| Κύριος συγγραφέας: | |
|---|---|
| Μορφή: | Βιβλίο |
| Γλώσσα: | French |
| Δημοσίευση: |
Paris :
Flammarion,
1982
|
| Σειρά: | Champ ethnologique ;
; FH107 |
| Θέματα: | |
| Ετικέτες: |
Προσθήκη ετικέτας
Δεν υπάρχουν, Καταχωρήστε ετικέτα πρώτοι!
|
MARC
| LEADER | 00000nam a2200000 i 4500 | ||
|---|---|---|---|
| 001 | 1/2603 | ||
| 008 | 960216s1982 fre d | ||
| 035 | |l 10014919 | ||
| 040 | |a GR-MY-UA |b gre |e aacr | ||
| 041 | 0 | |a fre | |
| 082 | 0 | |a 301.29597 | |
| 100 | 1 | |a Condominas, Georges. | |
| 245 | 1 | 0 | |a Nous avons mange la foret de la Pierre-Genie Goo : |b Hii saa Brii Mau-Yaang Goo : chronique de Sar Luk, village mnong Gar, tribu proto-indochinoise, des Hauts-Plateaux du Viet-Nam central / |c Georges Condominas |
| 260 | |a Paris : |b Flammarion, |c 1982 | ||
| 300 | |a 433 p. |b ill.; maps | ||
| 490 | 1 | |a Champ ethnologique |v ; FH107 | |
| 500 | |a Chronique de Sar Luk, village Mnog Gar (Tribu proto-indochinoise, des hauts- plateaux du Vietnam central) | ||
| 504 | |a Ιncludes bibliographical references and index. | ||
| 650 | 0 | 0 | |a Mnog (Vietnamese people) |
| 651 | 0 | |a Sar Luk (Vietnam) |x Social life and customs. | |
| 830 | 0 | |a Champ ethnologique ; |v ; FH107 | |
| 852 | |a INST |b LESVOS |e 19960216 |h 301.29597 CON |p 005100007243 |q 005100007243 |t BK |y 0 | ||
| 909 | |a Λ |b 036315 | ||
| 922 | |a 1ΔΩΡ |b 199309 |c ΤΚΑ | ||